| 000 | 00561nam a2200181 i 4500 | ||
|---|---|---|---|
| 001 | 63733 | ||
| 003 | ES-MaACL | ||
| 005 | 20230906164944.0 | ||
| 007 | t| | ||
| 008 | 031216s1917 fr ||||1| fre d | ||
| 100 | 1 |
_aFiessinger, Ch. _950726 |
|
| 245 | 1 | 3 |
_aLe traitement des maladies du coeur et de l'aorte en clientèle / _cpar Ch. Fiessinger. |
| 250 | _a2eme ed. rev. et aug. | ||
| 260 |
_aParis : _b[s.n.], _c1917 ( _eEvreux : _fCh. Herissey) |
||
| 300 |
_aIV, 425 p. ; _c19 cm. |
||
| 650 | 4 |
_aCorazón- _xEnfermedades. _9144728 |
|
| 852 |
_aES-MaACL _jB-11937 |
||
| 999 |
_c63733 _d63733 |
||